000 00251pam a2200121 a 4500
020 _c
041 _aeng
100 _aSharp R.F.
245 _aA Dollins House
_hTextual Documents
260 _a[s.l]:
_bJ.M.Det&Sons
300 _a255p.
930 _a15217
999 _c92117
_d92117